LEADER 01014nam0-2200361-i-450- 001 990009147710403321 005 20100212120545.0 010 $a978-1-84800-987-5 035 $a000914771 035 $aFED01000914771 035 $a(Aleph)000914771FED01 035 $a000914771 100 $a20100212d2009----km-y0itay50------ba 101 0 $aeng 102 $aGB 105 $aa---a---001yy 200 1 $a<>finite simple groups$fRobert A. Wilson 210 $aLondon$cSpringer$dc2009 215 $aXV, 298 p.$d24 cm 225 1 $aGraduate texts in mathematics$v251 610 0 $aTeoria dei gruppi e generalizzazioni$aEsposizione didattica 610 0 $aGruppi semplici: gruppi sporadici 676 $a512.2$v21$zita 700 1$aWilson,$bRobert A.$026133 801 0$aIT$bUNINA$gRICA$2UNIMARC 901 $aBK 912 $a990009147710403321 952 $aC-12-(251$b24139$fMA1 959 $aMA1 962 $a20-01 962 $a20D08 996 $aFinite Simple Groups$9247445 997 $aUNINA LEADER 01106nam a22002771i 4500 001 991004222179707536 005 20031009170358.0 008 031111s1973 uik|||||||||||||||||eng 020 $a0900997176 035 $ab1254954x-39ule_inst 035 $aARCHE-058281$9ExL 040 $aDip.to Lingue$bita$cA.t.i. Arché s.c.r.l. Pandora Sicilia s.r.l. 082 04$a823.0090 245 00$aContemporary dramatists /$cwith a preface by Ruby Cohn ; editor James Vinson 260 $aLondon :$bSt. James Press,$cc1973 300 $axv, 926 p. ;$c26 cm 440 0$aContemporary writers of the English language ;$v3 650 4$aLetteratura inglese$xBiobibliografie$xDizionari 700 1 $aCohn, Ruby$eauthor$4http://id.loc.gov/vocabulary/relators/aut$0188839 700 1 $aVinson, James 907 $a.b1254954x$b02-04-14$c13-11-03 912 $a991004222179707536 945 $aLE012 REF 822.003 VIN$g1$i2012000253698$lle012$o-$pE0.00$q-$rn$so $t0$u0$v0$w0$x0$y.i12999830$z13-11-03 996 $aContemporary dramatists$9199267 997 $aUNISALENTO 998 $ale012$b13-11-03$cm$da $e-$feng$guik$h0$i1